000 00789cab a2200229 4500
001 L136187
008 070117n2007 000 0 eng u
035 _a(Sirsi) u136187
041 0 _aeng
100 1 _aVara, Beverley
245 0 0 _aBe mindful of the registration gap
260 _c2007
490 0 _aEstates Gazette
_v(0702) 13 January 2007, 119(1)
520 _aLooks at the complex legal issue of who has the right to sue between completion and registration of leasehold property and offers some advice.
590 _aKA
650 2 4 _aLANDLORD AND TENANT ACT 1954
650 2 4 _aLANDLORD AND TENANT (COVENANTS) ACT 1995
651 4 _aEngland and Wales
_y1543-
690 _aPROPERTY-LEASEHOLD PROPERTY-LANDLORD AND TENANT-LEASES
700 1 _aSchultz, Sophie
942 _n0
999 _c78177
_d78177